| 000 | 00551 a2200193 4500 | ||
|---|---|---|---|
| 005 | 20260101161414.0 | ||
| 008 | 260101b |||||||| |||| 00| 0 eng d | ||
| 020 |
_a9789348385017 _cRs. 450.00 |
||
| 040 | _aMAIN | ||
| 082 |
_a611.0071 _bA81C |
||
| 100 | _aAgrawal, Poonam | ||
| 245 | _aCompetency based logbook and practical manual in anatomy for first professional MBBS | ||
| 260 |
_bCBS Publishers, Distributors _c2026 _aNew Delhi |
||
| 300 | _a195 | ||
| 650 | _aAnatomy | ||
| 650 | _aHuman Anatomy | ||
| 700 | _aVerma, Niket | ||
| 942 | _cBK | ||
| 999 |
_c393630 _d393630 |
||